000 00554nam a2200193Ia 4500
005 20250326142917.0
008 250326s9999 xx 000 0 und d
020 _a1-84064-551-2
037 _aTextbook
040 _aFMSL
_beng
_cFMSL
041 _aeng
_2eng
084 _aX:446 P3
_qFMSL
100 _aMC Kinnon Alan
_9746875
245 0 _aTransport Logistics
_cMC Kinnon Alan And Others
260 _aUnited Kingdom
_bUnited Kingdom, Elgar Reference
_c2003
300 _axxv,680
942 _cTB
_hX:446 P3
999 _c1297222
_d1297222